أحكام عقد الحكر في الفقه الإسلامي مقارنا بما عليه العمل في المملكة العربية السعودية/ (رقم التسجيلة. 23608)

000 -LEADER
fixed length control field 00705nmm a22001697a 4500
008 - FIXED-LENGTH DATA ELEMENTS--GENERAL INFORMATION
fixed length control field 170308b xxu||||| |||| 00| 0 ara d
100 1# - MAIN ENTRY--PERSONAL NAME
Personal name الحويس، صالح بن سليمان بن حمد
9 (RLIN) 25465
245 10 - TITLE STATEMENT
Title أحكام عقد الحكر في الفقه الإسلامي مقارنا بما عليه العمل في المملكة العربية السعودية/
Statement of responsibility, etc صالح بن سليمان بن حمد الحويس
250 ## - EDITION STATEMENT
Edition statement بدون
260 ## - PUBLICATION, DISTRIBUTION, ETC. (IMPRINT)
Place of publication, distribution, etc السعودية
Name of publisher, distributor, etc جامعة أم القرى
Date of publication, distribution, etc 1427-1428
300 ## - PHYSICAL DESCRIPTION
Extent 1
650 04 - SUBJECT ADDED ENTRY--TOPICAL TERM
Topical term or geographic name as entry element الفقه وأصوله
9 (RLIN) 190737
653 ## - INDEX TERM--UNCONTROLLED
Uncontrolled term الفقه
856 ## - ELECTRONIC LOCATION AND ACCESS
Uniform Resource Identifier http://elibrary.mediu.edu.my/books/MAL05655.pdf
942 ## - ADDED ENTRY ELEMENTS (KOHA)
Source of classification or shelving scheme

لا توجد مواد متاحة.

جميع الحقوق محفوظة لجامعة المدينة العالمية